| 000 | 00361nam a22001577a 4500 | ||
|---|---|---|---|
| 003 | SGT | ||
| 020 | _a9789332551831 | ||
| 082 |
_a158.3 _bI15G |
||
| 100 | _aGIBSON, ROBERT L. | ||
| 245 | _aINTRODUCTION TO CAUNSELING & GUIDANCE | ||
| 250 | _a7TH | ||
| 260 |
_aINDIA _bPEARSON PUB _c2015 |
||
| 300 | _a523 | ||
| 650 | _aCLINICAL PSYCHOLOGY | ||
| 942 |
_2ddc _cBK |
||
| 999 |
_c26856 _d26856 |
||